Statistiques concernant Parcours des champions du monde à la Coupe du monde de football (de 1978 à aujourd'hui)

Cliquez ici pour prendre le quiz!

Statistiques générales

  • Ce quiz a été pris 701 fois
  • Le résultat moyen est 56 sur 70

Statistiques - réponses

EditionChampionParcoursAdversaireScore% Correct
2014AllemagneDemi-finaleBrésil7-1
99%
1978Argentine2nd tourBrésil0-0
99%
1998FranceFinaleBrésil3-0
99%
1982Italie2nd tourBrésil3-2
99%
2014AllemagneQuarts de finaleFrance1-0
98%
1978Argentine1er tourFrance2-1
98%
2006ItalieFinaleFrance1-1 (5-3 tab)
98%
2014AllemagneFinaleArgentine1-0 a.p.
97%
1990AllemagneFinaleArgentine1-0
97%
1982Italie2nd tourArgentine2-1
97%
2010EspagneDemi-finaleAllemagne1-0
96%
1986ArgentineFinaleAllemagne3-2
96%
2002BrésilFinaleAllemagne2-0
96%
1982ItalieFinaleAllemagne3-1
96%
2006ItalieDemi-finaleAllemagne2-0 a.p.
96%
1998FranceQuarts de finaleItalie0-0 (4-3 tab)
95%
1986Argentine1er tourItalie1-1
95%
1994BrésilFinaleItalie0-0 (3-2 tab)
95%
1978Argentine1er tourItalie0-1
95%
1990AllemagneHuitièmes de finalePays-Bas2-1
95%
1978ArgentineFinalePays-Bas3-1 a.p.
95%
1994BrésilQuarts de finalePays-Bas3-2
95%
2010EspagneFinalePays-Bas1-0 a.p.
95%
1998FranceDemi-finaleCroatie2-1
91%
2010EspagneHuitièmes de finalePortugal1-0
91%
2014Allemagne1er tourPortugal4-0
91%
2014AllemagneHuitièmes de finaleAlgérie2-1 a.p.
87%
2002BrésilQuarts de finaleAngleterre2-1
87%
1986ArgentineQuarts de finaleAngleterre2-1
87%
1990AllemagneDemi-finaleAngleterre1-1 (4-3 tab)
87%
2006Italie1er tourEtats-Unis1-1
87%
2014Allemagne1er tourEtats-Unis1-0
87%
1994BrésilHuitièmes de finaleEtats-Unis1-0
87%
1998France1er tourDanemark2-1
81%
1986ArgentineHuitièmes de finaleUruguay1-0
81%
1994BrésilDemi-finaleSuède1-0
80%
1994Brésil1er tourSuède1-1
80%
1986ArgentineDemi-finaleBelgique2-0
79%
2002BrésilHuitièmes de finaleBelgique2-0
79%
2010Espagne1er tourSuisse0-1
79%
1998FranceHuitièmes de finaleParaguay1-0 b.e.o.
78%
2010EspagneQuarts de finaleParaguay1-0
78%
1986Argentine1er tourCorée du Sud3-1
77%
1994Brésil1er tourRussie2-0
76%
2010Espagne1er tourChili2-1
75%
2006ItalieHuitièmes de finaleAustralie1-0
73%
1990Allemagne1er tourYougoslavie4-1
72%
1998France1er tourAfrique du Sud3-0
70%
1978Argentine2nd tourPologne2-0
70%
1982Italie1er tourPologne0-0
70%
1982ItalieDemi-finalePologne2-0
70%
1998France1er tourArabie saoudite4-0
69%
2002BrésilDemi-finaleTurquie1-0
69%
2002Brésil1er tourTurquie2-1
69%
1990Allemagne1er tourColombie1-1
68%
2006Italie1er tourGhana2-0
67%
2014Allemagne1er tourGhana2-2
67%
1990AllemagneQuarts de finaleTchécoslovaquie1-0
66%
1994Brésil1er tourCameroun3-0
65%
1982Italie1er tourCameroun1-1
65%
1978Argentine1er tourHongrie2-1
64%
1982Italie1er tourPérou1-1
62%
1978Argentine2nd tourPérou6-0
62%
2002Brésil1er tourChine4-0
58%
2002Brésil1er tourCosta Rica5-2
55%
1986Argentine1er tourBulgarie2-0
52%
2006ItalieQuarts de finaleUkraine3-0
49%
2010Espagne1er tourHonduras2-0
43%
2006Italie1er tourRépublique tchèque2-0
43%
1990Allemagne1er tourEmirats arabes unis5-1
15%

Distribution des résultats

Percentile par nombre de réponses

% des personnes avec chaque résultat

Votre développement - résultats

Vous n’avez pas pris ce quiz